00920nam a22002297a 450000500170000001000130001702000100003003500130004003700160005304000120006908200320008110000570011324501390017024600700030926000890037927000690046830000520053765000430058965000270063265000210065965000100068020170124102942.0 aA-548362 c50.00 aA-548362 bCen Lib/Ret aDPLbHN a821.08bगुप्तह  aगुप्त, हरिहर प्रसाद  aप्रसाद-अभिधान : ससंदर्भ अध्ययन /cहरिहर प्रसाद गुप्त aPrasad-abhidha : sasandrabh adhayayan /bby Harihar Prasad Gupta  aइलाहबाद bभाषा-साहित्य-संसथान c1988 a147, त्रिवेणी रोड bइलाहबाद  a176पृ.c19सेमी (सजिल्द) aहिंदी साहित्य  aकविताएं  aHindi Literature aPoems